000
00192nam a2200085Ia 4500
008
120527s9999 xx 000 0 und d
100
_a
Clausen, etal
245
_a
Aging and society
942
_c
BK
999
_c
27470
_d
27470